000 00434cam a22001337a 4500
008 180718b1955 xxu||||| |||| 00| 0 eng d
082 _aB813x54 In2b
100 _aBihar. States Reorganisation Commission
245 _aThe States Reorganisation Commission's visit to Bihar
260 _aPatna
_bThe Public Relations Department
_c1955
300 _a112+p.
500 _aChairman: Sayed Fazal Ali
700 _aAli, Saiyad Fazal, Chairman
999 _c488882
_d488882